00808nam a2200181 a 450000100100000000500170001000800410002702000150006804000250008308200160010810000320012424500470015626002100020330000250041349000810043850400300051983000770054900002757720200930030933.0110401s2004 dr 000 0 spa d a9945000209 aDO-SdBNPbspacBNPHU axxxxbM662m1 aMimenza Aurrecoechea, Ander10aEl mercadeo /cAnder Mimenza Aurrecoechea. aSanto Domingo :bAlianza ONG, Programa de Fortalecimiento de Capacidades de Organizaciones sin Fines de Lucro en Gestión, Marketing y Tecnologías de la Información,c2004.bW. K. Kellogg Foundation,. axiv, 45 p. ;c23 cm.1 aManuales para el fortalecimiento de organizaciones sin fines de lucrovno. 4 aBibliografía : p. 43-45 0aManuales para el fortalecimiento de organizaciones sin fines de lucrov4